| 000 | 02917nkm a2200493 4500 | ||
|---|---|---|---|
| 001 | RU\NLR\BIBL_A\022659707 | ||
| 005 | 20260408082052.0 | ||
| 035 | _a(NLR Aleph) 022659707 | ||
| 071 | 5 | 0 | _a135 |
| 090 |
_a13498038 _c13498038 |
||
| 100 | _a20251105d1917 u y0rusy50 ca | ||
| 101 | 0 | _arus | |
| 102 | _aRU | ||
| 116 | _adiybxx zz ae | ||
| 135 | _acrcn 024anaba | ||
| 181 | 0 |
_ab4 _bxb2e |
|
| 182 | 0 | _an | |
| 200 | 1 |
_aФотографирование с аэроплана немецких позиций _eпочтовая карточка |
|
| 203 |
_aИзображение _bнеподвижное _bдвухмерное _bвизуальное _cнепосредственное |
||
| 210 |
_aЛуга _cиздание Г. В. Грузинцева _d1917 _eМосква _gФототипия Шерер, Набгольц и Ко. |
||
| 215 |
_a1 л. _cфототип. _d8,5х13,7 |
||
| 301 | _aИзд. номер: № 135 | ||
| 316 |
_aЭкз. РНБ на шифре Э ОИр638/1240/135, Эот95732: на адрес. стороне штемпель: 5 к _5NLR: Э ОИр638/1240/135 |
||
| 325 | _aКопия доступна в Электрон. б-ке РНБ | ||
| 606 | 1 |
_aПочтовые открытки маркированные художественные _yРоссия _z1895 - 1917 _92195710 _3RU\NLR\AUTH\6601555036 |
|
| 606 | 1 |
_aФотографические открытки _92151039 _3RU\NLR\AUTH\661600135 |
|
| 606 | 1 |
_aПервая мировая война _jОткрытки _xВоздушные операции русские _z1914 - 1918 _92071307 _3RU\NLR\AUTH\661246060 |
|
| 606 | 1 |
_aВоенные летчики _jОткрытки _z1914 - 1918 _92588601 _3RU\NLR\AUTH\6601739883 |
|
| 606 | 1 |
_aФотография _jОткрытки _xВоенное применение _91296978 _3RU\NLR\AUTH\66219248 |
|
| 686 | 0 | _aЩ153(2Р=Рус)53-489 | |
| 702 | 1 |
_aГрузинцев _bГ. В. _f1886-1943 _gГеоргий Васильевич _4650 |
|
| 712 | 0 | 2 |
_4610 _a"Шерер, Набгольц и К°", фототипия _cМосква _3RU\NLR\AUTH\8810134434 _9764868 |
| 830 | _aИсточники сведений о Г.В. Грузинцеве: https://www.proza.ru/2011/04/01/1274 (02.11.2016), http://погибшие.рф/arhiv/uchastniki-belogo-dvizheniya-v-rossii/uchastniki-belogo-dvizheniya-v-rossii-gp-gr.html (02.11.2016). А.Я. ОЭст | ||
| 852 | 0 | 0 |
_aNLR _bЭ _jОИр638/1240/135 _mЭот95732 |
| 856 | 0 | _uhttps://vivaldi.nlr.ru/lo500030013/view | |
| 856 | 1 | _uhttps://vivaldi.nlr.ru/lo500030013/cover | |
| 856 | 2 | _uhttps://vivaldi.nlr.ru/lo500030013/text | |
| 942 | _cVISUAL | ||
| 980 | _aNB | ||
| 981 | 1 | 7 |
_a(17) Изографические материалы _b(17) Открытки |